Meisten Grand-Slam-Finalteilnahmen (Herren) - Statistiken

Allgemein
  • Dieses Quiz wurde 95 mal gespielt
  • Das Durchschnittsergebnis liegt bei 26 aus 111
Antwortstatistiken
Anzahl Letztes Finale Antwort % Korrekt
31 2019 Federer
99%
30 2022 Nadal
99%
32 2022 Djokovic
96%
10 1996 Becker
91%
15 2005 Agassi
78%
16 1981 Borg
75%
11 2016 Murray
75%
18 2002 Sampras
71%
3 1996 Stich
69%
1 2020 Zverev
69%
4 2020 Thiem
64%
19 1991 Lendl
63%
11 1985 McEnroe
61%
4 2022 Medvedev
56%
1 1999 Medvedev
56%
11 1993 Edberg
53%
4 2017 Wawrinka
50%
11 1988 Wilander
46%
15 1984 Connors
44%
3 2018 Cilic
43%
4 2001 Ivanisevic
41%
1 2022 Alcaraz
40%
1 1995 Muster
40%
1 2021 Tsitsipas
40%
5 2009 Roddick
39%
4 1996 Chang
38%
2 2018 Del Potro
38%
4 2005 Hewitt
36%
6 1969 Laver
36%
1 2013 Ferrer
35%
4 2005 Safin
34%
7 1993 Courier
33%
3 2001 Kuerten
33%
1 1983 Noah
31%
3 2000 Kafelnikov
26%
2 1998 Moya
25%
5 1976 Nastase
24%
5 1975 Ashe
23%
3 2003 Ferrero
23%
1 2022 Kyrgios
23%
4 2001 Rafter
23%
2 2022 Ruud
23%
3 1988 Cash
21%
1 2003 Schüttler
21%
1 2008 Tsonga
21%
1 1996 Krajicek
19%
7 1976 Newcombe
18%
1 2010 Berdych
16%
1 2021 Berrettini
16%
8 1982 Vilas
16%
1 2002 Costa
15%
1 2014 Nishikori
15%
2 1985 Curren
14%
2 1998 Korda
14%
2 2018 Anderson
13%
1 1972 Anderson
13%
1 2002 Johansson
13%
1 1988 Leconte
13%
1 2016 Raonic
13%
1 1998 Rios
13%
3 1972 Smith
13%
3 1997 Bruguera
11%
1 2004 Gaudio
11%
1 1990 Gomez
11%
1 2007 Gonzalez
10%
8 1974 Rosewall
10%
2 2010 Söderling
10%
2 2001 Corretja
9%
3 1980 Gerulaitis
9%
5 1973 Kodes
9%
1 2002 Nalbandian
9%
2 1975 Orantes
9%
2 1979 Tanner
9%
1 1980 Teacher
9%
2 1982 Kriek
8%
2 1999 Martin
8%
2 2003 Philippoussis
8%
2 1972 Gimeno
6%
2 1989 Mecir
6%
1 1976 Panatta
6%
1 1997 Rusedski
6%
1 2004 Coria
5%
1 1999 Enqvist
5%
2 1997 Pioline
5%
1 2006 Baghdatis
4%
1 1976 Edmondson
4%
1 2000 Norman
4%
1 1996 Washington
4%
1 1994 Berasategui
3%
1 2001 Clement
3%
1 2005 Puerta
3%
3 1970 Roche
3%
1 1980 Warwick
3%
1 1970 Crealy
1%
1 1974 Dent
1%
2 1982 Denton
1%
1 1970 Franulovic
1%
1 1977 Gottfried
1%
1 1983 Lewis
1%
1 1977 Lloyd
1%
1 1978 Marks
1%
1 1968 Okker
1%
1 1979 Pecci
1%
1 1986 Pernfors
1%
1 1973 Pilic
1%
1 1972 Proisy
1%
1 1979 Sadri
1%
1 1976 Solomon
1%
1 2003 Verkerk
1%
1 1973 Metreveli
0%
1 1973 Parun
0%
Keine übereinstimmenden Quizze gefunden
Verteilung der Resultate
Anzahl Personen mit jedem Resultat
Perzentil nach korrekt beantworteten Fragen
Ihre Resultats-Entwicklung
Sie haben dieses Quiz noch nicht gespielt